|
|
|
|
| LEADER |
00000nam a2200000 4500 |
| 001 |
vtls012250917 |
| 003 |
SK-MaSNL |
| 005 |
20260301231838.0 |
| 008 |
240221s2023 xo a g f 000 0 gre |
| 015 |
|
|
|a SNBA2025/01
|
| 020 |
|
|
|a 9788082920706
|q (brožované)
|
| 040 |
|
|
|a SNK
|b slo
|c SNK
|e rda
|
| 041 |
0 |
|
|a gre
|
| 044 |
|
|
|a xo
|c SK
|
| 072 |
|
7 |
|a 502
|x Životné prostredie a jeho ochrana
|2 konspekt
|
| 072 |
|
7 |
|a 37
|x Výchova a vzdelávanie
|2 konspekt
|
| 080 |
|
|
|a 502:37.03
|2 2011
|
| 080 |
|
|
|a 37.091.313
|2 2011
|
| 080 |
|
|
|a 556
|2 2011
|
| 080 |
|
|
|a 628.1.033
|2 2011
|
| 080 |
|
|
|a 628.1
|2 2011
|
| 080 |
|
|
|a (035)
|2 2011
|
| 100 |
1 |
|
|a Kováčová, Adriana
|4 aut
|9 393712
|
| 245 |
1 |
0 |
|a Pos oi allajes stin pajkosmia katanomi toy jlykoy neroy epireazoyn ti diafesimotita toy
|c keímeno: Adriana Kováčová ; eikonoyrafńosiz: Tomáš Cíger, Katka Slaninková
|
| 250 |
|
|
|a 1i ékdosi
|
| 264 |
|
1 |
|a Mpratisláva
|b Strom života (Tree of life)
|c 2023
|
| 300 |
|
|
|a 8 strán
|b farebné ilustrácie
|c 30 cm
|
| 336 |
|
|
|a text
|b txt
|2 rdacontent
|
| 336 |
|
|
|a statický obraz
|b sti
|2 rdacontent
|
| 337 |
|
|
|a bez média
|b n
|2 rdamedia
|
| 338 |
|
|
|a zväzok
|b nc
|2 rdacarrier
|
| 500 |
|
|
|a Názov z obálky
|
| 504 |
|
|
|a Obsahuje bibliografiu
|
| 650 |
0 |
7 |
|a environmentálna výchova a vzdelávanie
|2 SNKPH
|9 67556
|
| 650 |
0 |
7 |
|a projektové vyučovanie
|2 SNKPH
|9 4053
|
| 650 |
0 |
7 |
|a voda
|2 SNKPH
|9 854
|
| 650 |
0 |
7 |
|a pitná voda
|2 SNKPH
|9 69061
|
| 650 |
0 |
7 |
|a zásobovanie vodou
|2 SNKPH
|9 50035
|
| 650 |
0 |
7 |
|a Environmental education
|2 SNKPHeng
|9 265190
|
| 650 |
0 |
7 |
|a Project method in teaching
|2 SNKPHeng
|9 323715
|
| 650 |
0 |
7 |
|a Water
|2 SNKPHeng
|9 291971
|
| 650 |
0 |
7 |
|a Drinking water
|2 SNKPHeng
|9 314281
|
| 650 |
0 |
7 |
|a Water supply
|2 SNKPHeng
|9 323871
|
| 655 |
|
7 |
|a príručky
|2 SNKPH
|9 74364
|
| 655 |
|
7 |
|a Handbooks, manuals, etc.
|2 SNKPHeng
|9 90964
|
| 700 |
1 |
|
|a Cíger, Tomáš,
|d 1990-
|4 ill
|9 222301
|
| 700 |
1 |
|
|a Slaninková, Katarína,
|d 1975-
|4 ill
|9 220874
|
| 852 |
|
|
|a Slovenská národná knižnica
|
| 919 |
|
|
|a 978-80-8292-070-6
|
| 954 |
|
|
|a iná literatúra (príručky, kuchárske knihy, hobby literatúra, sprievodcovia) pôvodná (slovenská)
|2 lita
|
| 958 |
|
|
|a NB
|
| 999 |
|
|
|c 959708
|d 961638
|
| 952 |
|
|
|a SNK
|b SNK
|y PREZ
|7 0
|p 17A1542062
|o snkOSB 21200
|i snk2024/2943
|8 0
|0 0
|1 0
|4 0
|d 2024-02-21
|l 0
|r 2026-02-24 10:15:38
|w 2026-02-24
|
| 952 |
|
|
|a SNK
|b SNK
|y PREZ
|7 0
|p 17A1542063
|o snkOSB 21200 D1
|i snk2024/2944
|8 0
|0 0
|1 0
|4 0
|d 2024-02-21
|l 0
|r 2026-02-24 10:15:39
|w 2026-02-24
|